| 000 | 00606nam a2200193Ia 4500 | ||
|---|---|---|---|
| 003 | GCL | ||
| 008 | 140319s9999 xx 000 0 ara d | ||
| 040 |
_aGCL / _cGCL |
||
| 082 | 0 | 4 |
_a891.85 _bى م |
| 100 | 1 | _aهناء عبدالفتاح | |
| 245 | 1 | 0 |
_aمن المسرح العالمى: حفل مانيكان / _cهناء عبدالفتاح |
| 700 | 1 | _aياشينكى، برونو | |
| 300 | _a129 ص | ||
| 490 |
_aالالف كتاب الثانى _v0 |
||
| 650 | 0 | 4 | _aالادب |
| 650 | 0 | 4 | _aالمسرحيات |
| 650 | 0 | 4 | _aالمسرحيات البولندية المترجمة |
| 942 |
_2ddc _cBK |
||
| 999 |
_c51911 _d51911 |
||